000 00263nam a2200109Ia 4500
008 190914s9999||||xx |||||||||||||| ||und||
100 _aP. A. Lawrence
245 0 _aInsight into Management
260 _aNew Delhi
_bBantam Books
_c1994
300 _a328
942 _cBK
999 _c9059
_d9059